Nuevas bibliotecas populares para España / por Eugenio d'Ors
Publicado:
San Jorge, núm. 86 - 87 (2n i 3r trimestre 1972), pàg 30 - 41 :
MARC
| LEADER | 00000nam a2200000Ia 4500 | ||
|---|---|---|---|
| 001 | |||
| 008 | 160829s9999 xx 000 0 cat d | ||
| 100 | |a Ors, Eugeni d' |9 64786 | ||
| 245 | |a Nuevas bibliotecas populares para España / por Eugenio d'Ors | ||
| 260 | |a San Jorge, núm. 86 - 87 (2n i 3r trimestre 1972), pàg 30 - 41 | ||
| 600 | 1 | 0 | |a Ors, Eugeni d', |d 1881-1954 |9 55149 |
| 650 | |a Biblioteques públiques |x Espanya |9 46219 | ||
| 901 | |a Arxiu | ||
| 942 | |n 1 | ||
| 952 | |0 0 |1 0 |4 0 |7 1 |9 53091 |a Arxiu |b Arxiu |d 2016-12-01 |l 0 |r 2016-12-01 00:00:00 |w 2016-12-01 |y ARXIU | ||
| 999 | |c 56940 |d 56940 | ||